000 00531nam a22001697a 4500
005 20251108163332.0
008 250721s2011 xx 000 0 ara d
082 1 4 _a813.009/رشو
100 1 _aالرشود، تمام سلامة
245 1 0 _aالبناء الفني في روايات ليلى الأطرش /
264 1 _aعمان :
_bالأهلية للنشر والتوزيع،
_c2011.
300 _a248ص.
650 1 7 _aالنقد الادبي
650 1 7 _aالروايات العربية
942 _2ddc
_cBK
999 _c97
_d97